Città italiane con almeno 100 000 abitanti - Morte improvvisa - Statistics

Statistiche generali
  • Questo quiz è stato fatto 452 volte
    192 dall'ultimo reset
  • Il punteggio medio è 7 su 21
Answers on the Grid
Answers color-coded by a green-red scale on the quiz's grid according to % correct below.
Roma
Torino
Bari
Catania
Venezia
Brescia
Parma
Modena
Ravenna
Cagliari
Rimini
Latina
Trento
Vicenza
Terni
Novara
Napoli
Genova
Reggio Calabria
Giugliano in Campania
Bolzano
Ancona
Arezzo
Pesaro
Pisa
Lecce
Catanzaro
Como
Varese
Ragusa
Asti
Pavia
L'Aquila
Potenza
Crotone
Cuneo
Lamezia Terme
Busto Arsizio
Savona
Imola
Treviso
Carrara
 
Statistiche sulle risposte
Risposta % Corretto
Napoli
72%
Torino
67%
Roma
64%
Genova
59%
Bari
55%
Venezia
49%
Catania
41%
Cagliari
35%
Reggio Calabria
35%
Brescia
33%
Parma
32%
Modena
29%
Rimini
26%
Trento
25%
Giugliano in Campania
22%
Ravenna
20%
Bolzano
17%
Latina
14%
Vicenza
14%
Novara
9%
Terni
7%
Nessun quiz corrispondente trovato
Distribuzione punteggi
Percentuale di utenti per punteggio
Percentile per numero di risposta
I tuoi punteggi nel tempo
Non hai fatto questo quiz dall'ultimo reset